000
00282nam a2200109Ia 4500
005
20251222144653.0
008
251222s9999||||xx |||||||||||||| ||spa||
082
_a
370.115/F75
245
0
_a
Los DesafĂos de Foro Educativo en la Hora Actual
264
_b
Foro Educativo
942
_c
LIB
999
_c
17147
_d
17147